| 000 | 00504cam a2200181ua 4500 | ||
|---|---|---|---|
| 020 | _c2528.00 | ||
| 041 |
_aeng _h |
||
| 082 |
_a028.74570 _bWAN/BI |
||
| 100 | _aWang, G m . | ||
| 245 |
_aBiological monitoring for pesticide exposure measurement estimation and risk reduction / _cG M Wang. _hTextual Documents |
||
| 260 |
_a : _bAmerican chemical society , _c1989. |
||
| 300 | _a390 ; . | ||
| 365 | _a2528.00 | ||
| 504 | _a | ||
| 700 | 1 | _aRhoda, . | |
| 942 | _cBK | ||
| 999 |
_c9911 _d9911 |
||